[Event "22ème Open de Saint-Affrique"]
[Site "Saint Affrique (12)"]
[Date "2014.07.22"]
[Round "5.57"]
[White "Gaubert, Cedric"]
[Black "Roubaud, Brennan"]
[Result "0-1"]
[WhiteElo "1384"]
[BlackElo "1282"]
[PlyCount "102"]
[EventDate "2014.??.??"]
[Source "Sylvain Rivier"]
[SourceDate "2014.07.26"]

1. d4 Nf6 2. Nf3 e6 3. Bf4 d5 4. e3 a6 5. Bd3 h6 6. Nbd2 c5 7. c3 Nc6 8. O-O
Qb6 9. Qc2 c4 10. Be2 Nd8 11. Rab1 Qa5 12. b4 Qb6 13. a4 Bd7 14. a5 Qc6 15. Ra1
Bd6 16. Bxd6 Qxd6 17. Ne5 O-O 18. e4 Nc6 19. Nxc6 Qxc6 20. e5 Ne8 21. f4 Nc7
22. Bg4 f5 23. Bh5 Be8 24. Bf3 b6 25. axb6 Qxb6 26. Nxc4 Qc6 27. Na5 Qb6 28. g4
Nb5 29. gxf5 Rxf5 30. Bxd5 Nxd4 31. Qf2 Rxf4 32. Bxe6+ Qxe6 33. Qa2 Rxf1+ 34.
Kxf1 Qxa2 35. Rxa2 Bf7 36. Rd2 Nf3 37. Re2 Be6 38. c4 Nd4 39. Re4 Rf8+ 40. Kg1
Nf3+ 41. Kh1 Nd2 42. Rd4 Nf1 43. Rd6 Ne3 44. h4 Bxc4 45. Nxc4 Nxc4 46. Rxa6
Nxe5 47. b5 Rb8 48. Ra5 Nf3 49. Ra3 Nxh4 50. Rb3 Nf5 51. b6 g5 0-1

[Event "22ème Open de Saint-Affrique"]
[Site "Saint Affrique (12)"]
[Date "2014.07.22"]
[Round "5.58"]
[White "Combelle, Xavier"]
[Black "Boyd, Christopher"]
[Result "0-1"]
[WhiteElo "1270"]
[BlackElo "1367"]
[PlyCount "60"]
[EventDate "2014.??.??"]
[Source "Sylvain Rivier"]
[SourceDate "2014.07.26"]

1. e4 e5 2. Nf3 Nc6 3. d4 exd4 4. Nxd4 Bc5 5. Be3 Nxd4 6. Bxd4 Bxd4 7. Qxd4 Qg5
8. Nc3 c5 9. Qd5 Qe7 10. Bb5 Nf6 11. Qg5 O-O 12. O-O h6 13. Qh4 Re8 14. Rfe1 a6
15. Bc4 b5 16. Bd5 Nxd5 17. Qg3 Nxc3 18. Qxc3 Bb7 19. Re3 Qe5 20. Qd3 Rad8 21.
Rae1 c4 22. Qe2 Qxb2 23. Qg4 Qxc2 24. Rg3 Qb2 25. e5 g6 26. Rd1 Qxe5 27. Re3
Qc7 28. Rde1 Rxe3 29. Rxe3 c3 30. Qf3 Bxf3 0-1

[Event "22ème Open de Saint-Affrique"]
[Site "Saint Affrique (12)"]
[Date "2014.07.22"]
[Round "5.59"]
[White "Zachary, Bastian"]
[Black "Jackson, Sue"]
[Result "1-0"]
[WhiteElo "1360"]
[BlackElo "1230"]
[PlyCount "116"]
[EventDate "2014.??.??"]
[Source "Sylvain Rivier"]
[SourceDate "2014.07.26"]

1. d4 Nf6 2. c4 d5 3. e3 e6 4. Nf3 c6 5. Be2 Bb4+ 6. Bd2 Be7 7. O-O O-O 8. Nc3
Nbd7 9. Bd3 Qc7 10. Re1 e5 11. dxe5 Nxe5 12. Nxe5 Qxe5 13. cxd5 Nxd5 14. Nxd5
Qxd5 15. Qc2 f5 16. e4 Qf7 17. Bc4 Be6 18. Bxe6 Qxe6 19. exf5 Qd6 20. Rad1 Qf6
21. Re6 Qxf5 22. Qxf5 Rxf5 23. Rxe7 Rd5 24. Ree1 Kf7 25. Bc3 g6 26. Rxd5 cxd5
27. f3 Rd8 28. Rd1 Ke6 29. Kf2 Rd6 30. Re1+ Kf7 31. Ke3 Re6+ 32. Kd2 Rxe1 33.
Kxe1 Ke6 34. Ke2 b5 35. Ke3 Kd6 36. Bd4 a6 37. b4 Ke6 38. Kf4 h6 39. h4 Kd6 40.
g4 Ke6 41. Bg7 h5 42. gxh5 gxh5 43. Kg5 Kf7 44. Bd4 Ke6 45. f4 Kf7 46. Kxh5 Ke6
47. Kg6 Ke7 48. f5 Kf8 49. Kf6 Kg8 50. Ke7 Kh7 51. f6 Kg6 52. f7 Kf5 53. f8=Q+
Ke4 54. Bb2 d4 55. Bxd4 Kxd4 56. Qa8 Kc4 57. Qxa6 Kxb4 58. Qxb5+ Kxb5 1-0

[Event "22ème Open de Saint-Affrique"]
[Site "Saint Affrique (12)"]
[Date "2014.07.22"]
[Round "5.60"]
[White "Van Den Brande, Norman"]
[Black "Nguyen, Noam"]
[Result "1/2-1/2"]
[WhiteElo "1210"]
[BlackElo "1350"]
[PlyCount "65"]
[EventDate "2014.??.??"]
[Source "Sylvain Rivier"]
[SourceDate "2014.07.26"]

1. d4 e6 2. e4 d5 3. exd5 Qxd5 4. Nc3 Qd8 5. Nf3 Nf6 6. Bc4 Nc6 7. O-O Bb4 8.
a3 Bxc3 9. bxc3 O-O 10. Re1 a6 11. Bd3 b5 12. Ne5 Bb7 13. Bg5 h6 14. Bxf6 Qxf6
15. Ng4 Qg5 16. Qe2 h5 17. Qe4 g6 18. Ne5 f5 19. Qe3 Qxe3 20. Rxe3 Nxe5 21.
Rxe5 Bd5 22. a4 c6 23. Kf1 Rfc8 24. Rae1 Kf7 25. Ra1 Ke7 26. h4 Rg8 27. f4 Rab8
28. g3 Rb7 29. a5 Ra8 30. Kf2 b4 31. cxb4 Rxb4 32. c3 Rb2+ 33. Re2 1/2-1/2

[Event "22ème Open de Saint-Affrique"]
[Site "Saint Affrique (12)"]
[Date "2014.07.22"]
[Round "5.61"]
[White "Cellier-Valencia, Baptiste"]
[Black "Boyd, Emilie"]
[Result "1-0"]
[WhiteElo "1347"]
[BlackElo "1192"]
[PlyCount "47"]
[EventDate "2014.??.??"]
[Source "Sylvain Rivier"]
[SourceDate "2014.07.26"]

1. d4 d5 2. Nf3 Nc6 3. c4 Nf6 4. cxd5 Nxd5 5. e4 Nf6 6. d5 Nb8 7. Nc3 Bg4 8.
Bf4 Nbd7 9. Rc1 a6 10. h3 Bh5 11. e5 Bxf3 12. Qxf3 g6 13. exf6 Nxf6 14. Be5 Bg7
15. Ne4 O-O 16. Nxf6+ exf6 17. Bxc7 Qe7+ 18. Be2 f5 19. d6 Qd7 20. b3 Rfe8 21.
O-O Be5 22. Rfd1 Rac8 23. Qxb7 Ra8 24. Bxa6 1-0

[Event "22ème Open de Saint-Affrique"]
[Site "Saint Affrique (12)"]
[Date "2014.07.22"]
[Round "5.62"]
[White "Achard-Rozan, Celian"]
[Black "Salvador, Thomas"]
[Result "1-0"]
[WhiteElo "1330"]
[BlackElo "1110"]
[PlyCount "109"]
[EventDate "2014.??.??"]
[Source "Sylvain Rivier"]
[SourceDate "2014.07.26"]

1. e4 e5 2. Nf3 Nc6 3. d4 exd4 4. Nxd4 Nxd4 5. Qxd4 d6 6. Bc4 Qf6 7. c3 Be7 8.
Be3 c5 9. Qd5 Qe6 10. Bb5+ Bd7 11. Qxb7 Rd8 12. Nd2 Bxb5 13. Qxb5+ Qd7 14.
Qxd7+ Rxd7 15. O-O-O d5 16. exd5 Rxd5 17. Nb3 Nf6 18. Rxd5 Nxd5 19. Bxc5 Bxc5
20. Nxc5 O-O 21. Rd1 Nf4 22. g3 Nh3 23. f4 Rc8 24. Rd7 g6 25. Ne4 Ra8 26. Nd6
f5 27. Nb5 a5 28. Nc7 Ra7 29. Kd2 Nf2 30. Ke2 Ne4 31. Rd8+ Kf7 32. Nd5 h5 33.
Nb6 Kf6 34. Nc4 g5 35. fxg5+ Kxg5 36. Rg8+ Kh6 37. Ne5 Re7 38. Nc6 Re6 39. Nd4
Re7 40. Nxf5+ Kh7 41. Nxe7 Nf6 42. Rg5 Ne4 43. Rxh5+ Kg7 44. Rxa5 Kf7 45. Re5
Nf6 46. h4 Nh7 47. g4 Nf6 48. g5 Ne8 49. h5 Ng7 50. h6 Ne8 51. g6+ Kf8 52. h7
Kg7 53. Rh5 Kh8 54. Nf5 Nf6 55. g7# 1-0

[Event "22ème Open de Saint-Affrique"]
[Site "Saint Affrique (12)"]
[Date "2014.07.22"]
[Round "5.63"]
[White "Medard, Guillaume"]
[Black "Alfonso, Jonathan"]
[Result "1/2-1/2"]
[WhiteElo "1330"]
[BlackElo "1099"]
[PlyCount "70"]
[EventDate "2014.??.??"]
[Source "Sylvain Rivier"]
[SourceDate "2014.07.26"]

1. e4 e6 2. d4 d5 3. e5 f6 4. f4 c5 5. c3 Nc6 6. Nf3 Qa5 7. Be3 Bd7 8. Be2 Be7
9. Qc2 Nh6 10. Nbd2 O-O 11. O-O Nf5 12. Bf2 c4 13. Nh4 Nxh4 14. Bxh4 f5 15.
Bxe7 Nxe7 16. Bh5 g6 17. Be2 Qb5 18. a4 Qc6 19. a5 b6 20. a6 b5 21. Nf3 Rfb8
22. Ra2 Bc8 23. Rfa1 Kg7 24. Ng5 h6 25. Nh3 Rb6 26. Rf1 Bxa6 27. Nf2 Rh8 28. h3
b4 29. Qa4 Qb5 30. Qxb5 Bxb5 31. Rxa7 Kf7 32. Kh2 Kf8 33. Ra8+ Kf7 34. g4 Kg7
35. Ra7 Kf8 1/2-1/2

[Event "22ème Open de Saint-Affrique"]
[Site "Saint Affrique (12)"]
[Date "2014.07.22"]
[Round "5.65"]
[White "Gachon, Maxence"]
[Black "Audigier, Robert"]
[Result "1-0"]
[WhiteElo "1442"]
[BlackElo "1298"]
[PlyCount "64"]
[EventDate "2014.??.??"]
[Source "Sylvain Rivier"]
[SourceDate "2014.07.26"]

1. d4 Nf6 2. c4 d6 3. Nc3 Nbd7 4. e4 e5 5. d5 Be7 6. Qf3 O-O 7. Qg3 Nc5 8. Bh6
Ng4 9. Be3 Nxe3 10. Qxe3 Bg5 11. Qe2 Re8 12. Nf3 Bg4 13. g3 Qf6 14. Bg2 Qh6 15.
O-O Bd8 16. b4 Nd7 17. Qd2 Qxd2 18. Nxd2 c5 19. bxc5 Nxc5 20. Nb3 b6 21. Nxc5
bxc5 22. Nb5 Be2 23. Rfe1 Bxc4 24. Nxd6 Ba5 25. Rec1 Bb4 26. Nxc4 f6 27. a3
Reb8 28. axb4 Rxb4 29. Rab1 a5 30. Rxb4 cxb4 31. Ra1 a4 32. Nb6 b3 1-0

[Event "22ème Open de Saint-Affrique"]
[Site "Saint Affrique (12)"]
[Date "2014.07.22"]
[Round "5.66"]
[White "Bois D'Enghien, Noumea"]
[Black "Meyer, Bernard"]
[Result "0-1"]
[WhiteElo "1240"]
[BlackElo "1397"]
[PlyCount "56"]
[EventDate "2014.??.??"]
[Source "Sylvain Rivier"]
[SourceDate "2014.07.26"]

1. e4 e6 2. d4 d5 3. Nd2 c5 4. c3 Nc6 5. Ngf3 Bd7 6. Be2 Qb6 7. O-O cxd4 8.
exd5 exd5 9. Nb3 Nf6 10. cxd4 Be7 11. Ne5 Be6 12. Be3 O-O 13. Qd2 Ne4 14. Qe1
Rac8 15. Qd1 Qd8 16. f4 Bf5 17. g4 Bd7 18. Bb5 Nxe5 19. Bxd7 Nxd7 20. g5 Nb6
21. Qg4 Nc4 22. Bc1 Rc7 23. h4 Qd7 24. Qh5 Ng3 25. Qf3 Nxf1 26. Qxf1 Qg4+ 27.
Qg2 Qxg2+ 28. Kxg2 Re8 0-1

[Event "22ème Open de Saint-Affrique"]
[Site "Saint Affrique (12)"]
[Date "2014.07.22"]
[Round "5.67"]
[White "Daures, Florian"]
[Black "Durand, Joris"]
[Result "0-1"]
[WhiteElo "1160"]
[BlackElo "1330"]
[PlyCount "54"]
[EventDate "2014.??.??"]
[Source "Sylvain Rivier"]
[SourceDate "2014.07.26"]

1. e4 c6 2. e5 d5 3. d4 Bf5 4. Bd3 Bxd3 5. Qxd3 e6 6. c3 Be7 7. Nf3 f6 8. Bf4
fxe5 9. Bxe5 Nf6 10. Ng5 Nbd7 11. Nxe6 Qb6 12. Nxg7+ Kf8 13. Ne6+ Kf7 14. Nc7
Rac8 15. Nxd5 cxd5 16. Bg3 Qxb2 17. Qd2 Qxa1 18. O-O Ne4 19. Qe2 Nxc3 20. Nxc3
Qxc3 21. Qh5+ Kf8 22. Be5 Nf6 23. Qh6+ Kf7 24. g3 Qf3 25. Rc1 Ng4 26. Rxc8
Qxf2+ 27. Kh1 Qxh2+ 0-1

[Event "22ème Open de Saint-Affrique"]
[Site "Saint Affrique (12)"]
[Date "2014.07.22"]
[Round "5.68"]
[White "Raynal, Hortense"]
[Black "Flear, James C"]
[Result "0-1"]
[WhiteElo "1050"]
[BlackElo "1227"]
[PlyCount "46"]
[EventDate "2014.??.??"]
[Source "Sylvain Rivier"]
[SourceDate "2014.07.26"]

1. e4 e5 2. Nf3 Nc6 3. Nc3 Bc5 4. Bc4 d6 5. d3 Bg4 6. h3 h5 7. Bg5 Qxg5 8. Nxg5
Bxd1 9. Rxd1 O-O-O 10. Nxf7 Rf8 11. Nxh8 Bxf2+ 12. Ke2 Nd4+ 13. Kd2 Bh4 14.
Rdf1 Nf6 15. Nd5 Rxh8 16. Nxf6 gxf6 17. g3 Bxg3 18. Rxf6 Bf4+ 19. Kd1 b5 20.
Be6+ Nxe6 21. Re1 Ng5 22. h4 Nh3 23. Rg1 {suite illisible} Bh6 0-1

[Event "22ème Open de Saint-Affrique"]
[Site "Saint Affrique (12)"]
[Date "2014.07.22"]
[Round "5.69"]
[White "Coquelle, Addison"]
[Black "Bernard, Elodie"]
[Result "0-1"]
[WhiteElo "1009"]
[BlackElo "1113"]
[PlyCount "56"]
[EventDate "2014.??.??"]
[Source "Sylvain Rivier"]
[SourceDate "2014.07.26"]

1. e4 e5 2. Nf3 Nc6 3. g3 Nf6 4. Nc3 d6 5. Bg2 Bg4 6. O-O d5 7. exd5 Nxd5 8.
Ne2 Bc5 9. c3 O-O 10. d4 e4 11. Ng5 Be7 12. Nxe4 Re8 13. f3 Bf5 14. Nc5 Bxc5
15. dxc5 Qd7 16. Nd4 Rad8 17. Nxc6 Qxc6 18. b4 Ne3 19. Bxe3 Rxd1 20. Raxd1 Rxe3
21. f4 b5 22. c4 Qe8 23. Rd2 g6 24. Rfd1 Re1+ 25. Rxe1 Qxe1+ 26. Bf1 Qxd2 27.
Bg2 Qe3+ 28. Kf1 Bd3# 0-1

[Event "22ème Open de Saint-Affrique"]
[Site "Saint Affrique (12)"]
[Date "2014.07.22"]
[Round "5.70"]
[White "Raynal, Bertille"]
[Black "Raynal, Judith"]
[Result "1-0"]
[WhiteElo "1090"]
[BlackElo "1009"]
[PlyCount "31"]
[EventDate "2014.??.??"]
[Source "Sylvain Rivier"]
[SourceDate "2014.07.26"]

1. d4 d5 2. Bf4 c6 3. Nf3 Na6 4. e3 Nf6 5. Bd3 b6 6. O-O Be6 7. Nc3 Bg4 8. Be2
Bh5 9. Be5 Ne4 10. Nxe4 dxe4 11. Nd2 e6 12. Nxe4 Nb4 13. Bxh5 Qg5 14. Nxg5 g6
15. Bxh8 gxh5 16. c3 {suite illisible} 1-0

[Event "22ème Open de Saint-Affrique"]
[Site "Saint Affrique (12)"]
[Date "2014.07.23"]
[Round "6.1"]
[White "Libiszewski, Fabien"]
[Black "Degraeve, Jean-Marc"]
[Result "1/2-1/2"]
[WhiteElo "2523"]
[BlackElo "2579"]
[PlyCount "36"]
[EventDate "2014.??.??"]
[Source "Sylvain Rivier"]
[SourceDate "2014.07.26"]

1. e4 e6 2. d4 d5 3. Nc3 dxe4 4. Nxe4 Nd7 5. g3 Ngf6 6. Nxf6+ Nxf6 7. Bg2 e5 8.
Ne2 Be7 9. O-O exd4 10. Qxd4 O-O 11. Be3 c6 12. Rad1 Qxd4 13. Nxd4 Bg4 14. Bf3
Bxf3 15. Nxf3 Nd5 16. Bg5 Bxg5 17. Nxg5 Rad8 18. c3 Nf6 1/2-1/2

[Event "22ème Open de Saint-Affrique"]
[Site "Saint Affrique (12)"]
[Date "2014.07.23"]
[Round "6.2"]
[White "Karpatchev, Aleksandr"]
[Black "Flear, Glenn C"]
[Result "1/2-1/2"]
[WhiteElo "2442"]
[BlackElo "2464"]
[PlyCount "21"]
[EventDate "2014.??.??"]
[Source "Sylvain Rivier"]
[SourceDate "2014.07.26"]

1. e4 e5 2. Nf3 Nc6 3. Bc4 Bc5 4. d3 Nf6 5. Nc3 a6 6. a3 h6 7. h3 d6 8. Be3
Bxe3 9. fxe3 Be6 10. Bxe6 fxe6 11. O-O 1/2-1/2

[Event "22ème Open de Saint-Affrique"]
[Site "Saint Affrique (12)"]
[Date "2014.07.23"]
[Round "6.3"]
[White "Milchev, Nikolay"]
[Black "Mania, Clement"]
[Result "1-0"]
[WhiteElo "2424"]
[BlackElo "2177"]
[PlyCount "81"]
[EventDate "2014.??.??"]
[Source "Sylvain Rivier"]
[SourceDate "2014.07.26"]

1. d4 d6 2. Nf3 g6 3. c4 Bg7 4. Nc3 Nh6 5. h4 c6 6. h5 Qb6 7. e3 Na6 8. Be2 Bf5
9. a3 e5 10. b4 gxh5 11. c5 Qd8 12. cxd6 exd4 13. Nxd4 Qxd6 14. Bb2 Bg6 15.
Bxh5 O-O-O 16. Be2 Rhe8 17. Rh3 Kb8 18. b5 cxb5 19. Ncxb5 Qb6 20. a4 Rd7 21. a5
Qd8 22. Qa4 Nc5 23. Qc4 Qc8 24. Rc1 b6 25. Nxa7 Rxa7 26. axb6 Ra5 27. Qb4 Re5
28. Qxa5 Nd3+ 29. Bxd3 Rxa5 30. Rxc8+ Kxc8 31. Bxg6 Ra2 32. b7+ Kxb7 33. Be4+
Kb6 34. Bc3 Ng4 35. Rxh7 Nxf2 36. Bb1 Nd3+ 37. Bxd3 Bxd4 38. Bxd4+ Kc6 39. Rxf7
Ra3 40. Be4+ Kb5 41. g4 1-0

[Event "22ème Open de Saint-Affrique"]
[Site "Saint Affrique (12)"]
[Date "2014.07.23"]
[Round "6.4"]
[White "Kukov, Velislav"]
[Black "Billiar-Bourgy, Vincent"]
[Result "1-0"]
[WhiteElo "2369"]
[BlackElo "1959"]
[PlyCount "63"]
[EventDate "2014.??.??"]
[Source "Sylvain Rivier"]
[SourceDate "2014.07.26"]

1. d4 Nf6 2. Nf3 g6 3. g3 Bg7 4. Bg2 O-O 5. O-O d6 6. a4 a5 7. Re1 Nbd7 8. Nc3
c6 9. e4 e5 10. h3 Qc7 11. Bg5 Re8 12. Qd2 Nf8 13. Rad1 Ne6 14. Be3 Bf8 15. d5
Nd8 16. Bg5 Nd7 17. Nh2 f6 18. Be3 Nf7 19. f4 Nb6 20. b3 Bd7 21. Qf2 Nc8 22.
fxe5 fxe5 23. Rf1 Nh8 24. Rd3 c5 25. Bg5 Bg7 26. Rf3 Ne7 27. Bf6 Rf8 28. Bxg7
Rxf3 29. Bxf3 Kxg7 30. Bg4 h5 31. Qf6+ Kh6 32. Qxe7 1-0

[Event "22ème Open de Saint-Affrique"]
[Site "Saint Affrique (12)"]
[Date "2014.07.23"]
[Round "6.6"]
[White "Roubaud, Alexandre"]
[Black "Oganisian, Roman"]
[Result "1/2-1/2"]
[WhiteElo "2171"]
[BlackElo "2245"]
[PlyCount "95"]
[EventDate "2014.??.??"]
[Source "Sylvain Rivier"]
[SourceDate "2014.07.26"]

1. e4 e6 2. d4 d5 3. e5 c5 4. c3 Nc6 5. Nf3 Bd7 6. a3 Rc8 7. Be2 b5 8. O-O cxd4
9. cxd4 Qb6 10. Be3 Nh6 11. Nbd2 Nf5 12. Nb3 Be7 13. Rc1 O-O 14. Bd3 b4 15.
Bxf5 exf5 16. Nc5 Be6 17. Ng5 Bxg5 18. Bxg5 bxa3 19. bxa3 Qb2 20. Be3 Qxa3 21.
Ra1 Qc3 22. Qa4 Qc4 23. Rfc1 Qxa4 24. Rxa4 Rc7 25. Na6 Rb7 26. Nc5 Rb6 27. g3
Rc8 28. Ra3 Rb4 29. Rac3 Nxd4 30. Bxd4 Rxd4 31. Nxe6 Rxc3 32. Rxc3 fxe6 33.
Rc8+ Kf7 34. Rc7+ Kg6 35. Re7 f4 36. g4 f3 37. h3 a5 38. Kh2 h5 39. Kg3 hxg4
40. hxg4 Rd3 41. Rxe6+ Kf7 42. Ra6 g5 43. Rxa5 Ke6 44. Ra6+ Kxe5 45. Rg6 Ke4
46. Rd6 Kd4 47. Rg6 Ke4 48. Rd6 1/2-1/2

[Event "22ème Open de Saint-Affrique"]
[Site "Saint Affrique (12)"]
[Date "2014.07.23"]
[Round "6.7"]
[White "Benmesbah, Natacha"]
[Black "Dussol, Pierre"]
[Result "1-0"]
[WhiteElo "2224"]
[BlackElo "2156"]
[PlyCount "89"]
[EventDate "2014.??.??"]
[Source "Sylvain Rivier"]
[SourceDate "2014.07.26"]

1. e4 g6 2. d4 Bg7 3. Nc3 c6 4. Nf3 d6 5. a4 Bg4 6. Be2 Bxf3 7. Bxf3 Qb6 8. Ne2
Nd7 9. O-O Ngf6 10. a5 Qc7 11. Nc3 a6 12. Be2 c5 13. Be3 cxd4 14. Bxd4 O-O 15.
Qd2 Rac8 16. Rfc1 Nc5 17. f3 Rfd8 18. Bxf6 Bxf6 19. Nd5 Qc6 20. Nxf6+ exf6 21.
b4 Ne6 22. c4 Re8 23. Kh1 f5 24. exf5 Nd4 25. Qxd4 Rxe2 26. f6 d5 27. Qd1 Rce8
28. cxd5 Qxf6 29. Qd3 Qg5 30. Rg1 Rd2 31. Qc4 Ree2 32. Qc8+ Kg7 33. Qc3+ Kh6
34. f4 Qxd5 35. Qh3+ Kg7 36. Raf1 f5 37. Rc1 h5 38. Qc3+ Kf7 39. Qh8 Qd7 40.
Rc8 Re7 41. Qg8+ Kf6 42. Rf8+ Rf7 43. Qh8+ Ke7 44. Re1+ Kd6 45. Qe5+ 1-0

[Event "22ème Open de Saint-Affrique"]
[Site "Saint Affrique (12)"]
[Date "2014.07.23"]
[Round "6.8"]
[White "Youssoupov, Moisse"]
[Black "Daurelle, Herve"]
[Result "0-1"]
[WhiteElo "2169"]
[BlackElo "2189"]
[PlyCount "66"]
[EventDate "2014.??.??"]
[Source "Sylvain Rivier"]
[SourceDate "2014.07.26"]

1. d4 c5 2. d5 Nf6 3. Nc3 d6 4. e4 g6 5. Be2 Bg7 6. Nf3 O-O 7. O-O Bg4 8. Nd2
Bxe2 9. Qxe2 Nbd7 10. a4 e6 11. dxe6 fxe6 12. Nc4 Ne8 13. Qg4 Qe7 14. Bg5 Qf7
15. Qh4 d5 16. exd5 exd5 17. Na5 Nd6 18. Qh3 Ne5 19. Rae1 Rae8 20. Nb5 Nf5 21.
Bc1 a6 22. f4 Nc6 23. Nxc6 bxc6 24. Nc3 Bd4+ 25. Kh1 Rxe1 26. Rxe1 Re8 27. Rf1
Qe7 28. g4 Nd6 29. Bd2 Nc4 30. Qg2 Nxb2 31. f5 Nc4 32. f6 Bxf6 33. Re1 Qxe1+
0-1

[Event "22ème Open de Saint-Affrique"]
[Site "Saint Affrique (12)"]
[Date "2014.07.23"]
[Round "6.9"]
[White "Meunier, Clement"]
[Black "Duff, Rufus"]
[Result "1/2-1/2"]
[WhiteElo "2132"]
[BlackElo "2113"]
[PlyCount "69"]
[EventDate "2014.??.??"]
[Source "Sylvain Rivier"]
[SourceDate "2014.07.26"]

1. d4 d5 2. c4 e6 3. Nc3 Nf6 4. cxd5 Nxd5 5. e4 Nxc3 6. bxc3 c5 7. a3 cxd4 8.
cxd4 e5 9. Nf3 exd4 10. Bc4 Be7 11. O-O O-O 12. Bb2 Nc6 13. Bd5 Bg4 14. h3 Bh5
15. Qb3 Bf6 16. Rac1 Qb6 17. Qxb6 axb6 18. g4 Bg6 19. e5 Be7 20. Bxc6 bxc6 21.
Nxd4 Bxa3 22. Bxa3 Rxa3 23. Rxc6 Rxh3 24. f3 h5 25. Kg2 hxg4 26. Rxb6 Rh6 27.
e6 fxe6 28. Rxe6 Rf4 29. Nc6 Bd3 30. Rxh6 gxh6 31. Rg1 gxf3+ 32. Kf2+ Kh7 33.
Ne5 Be2 34. Rg3 h5 35. Nxf3 1/2-1/2

[Event "22ème Open de Saint-Affrique"]
[Site "Saint Affrique (12)"]
[Date "2014.07.23"]
[Round "6.10"]
[White "Bouguerra, Tayeb"]
[Black "Mullon, Jean-Baptiste"]
[Result "0-1"]
[WhiteElo "1906"]
[BlackElo "2436"]
[PlyCount "112"]
[EventDate "2014.??.??"]
[Source "Sylvain Rivier"]
[SourceDate "2014.07.26"]

1. d4 Nf6 2. Nf3 c5 3. d5 g6 4. Nc3 Bg7 5. e4 d6 6. Bb5+ Nbd7 7. O-O a6 8.
Bxd7+ Nxd7 9. Bg5 O-O 10. Qd2 Re8 11. Bh6 Bf6 12. Bg5 b5 13. Bxf6 exf6 14. Qf4
Qe7 15. Rfe1 b4 16. Nd1 a5 17. Ne3 Ne5 18. Nxe5 fxe5 19. Qg3 a4 20. h4 Bd7 21.
h5 Qf6 22. f3 a3 23. b3 Rac8 24. Rac1 Kf8 25. hxg6 hxg6 26. c3 bxc3 27. Rxc3
Rb8 28. Nc4 Rb7 29. Rc2 Ra8 30. Rf2 Bb5 31. Ne3 Qf4 32. Qxf4 exf4 33. Nd1 c4
34. bxc4 Bxc4 35. Rc2 Bb3 36. Rf2 Bxd1 37. Rxd1 Ke7 38. Rc2 Rb2 39. Rdc1 Kf6
40. Kh2 Rh8+ 41. Kg1 Rhb8 42. Rc6 Ke5 43. Rc7 Rxa2 44. Re7+ Kf6 45. Rd7 Rbb2
46. Rxd6+ Ke5 47. Ra6 Rxg2+ 48. Kh1 Rh2+ 49. Kg1 Rag2+ 50. Kf1 a2 51. d6 Rb2
52. Kg1 Rhd2 53. d7 Rb1 54. Rac6 Rxd7 55. R6c5+ Ke6 56. Kh2 a1=Q 0-1

[Event "22ème Open de Saint-Affrique"]
[Site "Saint Affrique (12)"]
[Date "2014.07.23"]
[Round "6.11"]
[White "Grosse, Ludovic"]
[Black "Clement, Olivier"]
[Result "1-0"]
[WhiteElo "1903"]
[BlackElo "2051"]
[PlyCount "67"]
[EventDate "2014.??.??"]
[Source "Sylvain Rivier"]
[SourceDate "2014.07.26"]

1. d4 Nf6 2. c4 c5 3. Nf3 e6 4. Nc3 cxd4 5. Nxd4 Bb4 6. Bd2 O-O 7. e3 Nc6 8.
Be2 a6 9. O-O Bc5 10. Nc2 Qc7 11. a3 Rd8 12. b4 Be7 13. e4 d5 14. exd5 exd5 15.
cxd5 Nxd5 16. Nxd5 Rxd5 17. Bc4 Rd8 18. Qe2 b5 19. Bb3 Bf5 20. Qf3 Bg6 21. Bf4
Qb6 22. Be3 Qc7 23. Rac1 Ne5 24. Qg3 Bd6 25. Nd4 Qd7 26. Bf4 Nd3 27. Nc6 Qc7
28. Bxd6 Rxd6 29. Rc3 Re8 30. h4 Qd7 31. Na5 Ne5 32. Rfc1 Rd8 33. Qxe5 Re8 34.
Qf4 {suite illisible} 1-0

[Event "22ème Open de Saint-Affrique"]
[Site "Saint Affrique (12)"]
[Date "2014.07.23"]
[Round "6.12"]
[White "Julian, Stephane"]
[Black "Husson, Cybele"]
[Result "1-0"]
[WhiteElo "2050"]
[BlackElo "1919"]
[PlyCount "75"]
[EventDate "2014.??.??"]
[Source "Sylvain Rivier"]
[SourceDate "2014.07.26"]

1. e4 Nf6 2. e5 Nd5 3. d4 d6 4. Nf3 dxe5 5. Nxe5 c6 6. Be2 Bf5 7. O-O Nd7 8.
Bg4 Bxg4 9. Qxg4 N7f6 10. Qe2 e6 11. c4 Nb6 12. Rd1 a6 13. Nc3 Be7 14. Bf4 O-O
15. Rd3 Re8 16. Rad1 Nfd7 17. Qh5 g6 18. Qg4 f5 19. Qe2 Bg5 20. Qe3 h6 21. b3
Qf6 22. Bxg5 hxg5 23. f4 gxf4 24. Qxf4 Re7 25. Nxg6 Rg7 26. Ne5 Qe7 27. Rg3 Rd8
28. Re1 Nf6 29. Qh4 Nbd7 30. Ree3 Qa3 31. Nxd7 Qc1+ 32. Kf2 Ng4+ 33. Rxg4 Rdxd7
34. Rxg7+ Rxg7 35. Qd8+ Kf7 36. Qd7+ Kf8 37. Qxe6 Qd2+ 38. Ne2 1-0

[Event "22ème Open de Saint-Affrique"]
[Site "Saint Affrique (12)"]
[Date "2014.07.23"]
[Round "6.13"]
[White "Cazottes, Guillaume"]
[Black "Baudewyn, Ludovic"]
[Result "1-0"]
[WhiteElo "2014"]
[BlackElo "1843"]
[PlyCount "75"]
[EventDate "2014.??.??"]
[Source "Sylvain Rivier"]
[SourceDate "2014.07.26"]

1. e4 e6 2. d4 d5 3. e5 c5 4. c3 Qb6 5. Nf3 Nc6 6. a3 Bd7 7. b4 cxd4 8. cxd4
Rc8 9. Bb2 Nge7 10. Be2 Nf5 11. O-O Be7 12. g4 Nh6 13. h3 O-O 14. Kh1 f6 15.
exf6 Rxf6 16. g5 Rxf3 17. Bxf3 Bxg5 18. Bg4 Bf6 19. Nc3 Nxg4 20. hxg4 Nxd4 21.
Na4 Bxa4 22. Qxa4 Qd8 23. Rac1 Rxc1 24. Rxc1 Be5 25. Bxd4 Bxd4 26. Kg2 Qf8 27.
Qc2 Be5 28. Qc8 Qxc8 29. Rxc8+ Kf7 30. Ra8 Bd4 31. Rb8 Kf6 32. Rxb7 Kg5 33. Kf3
Kf6 34. Rd7 h6 35. a4 g6 36. b5 Bb6 37. a5 Bd4 38. Rxa7 1-0

[Event "22ème Open de Saint-Affrique"]
[Site "Saint Affrique (12)"]
[Date "2014.07.23"]
[Round "6.14"]
[White "Noireaut, Hung"]
[Black "Vignette, Jeanne"]
[Result "0-1"]
[WhiteElo "2007"]
[BlackElo "1758"]
[PlyCount "80"]
[EventDate "2014.??.??"]
[Source "Sylvain Rivier"]
[SourceDate "2014.07.26"]

1. e4 d5 2. exd5 Qxd5 3. Nc3 Qa5 4. d4 Nf6 5. Bc4 Bg4 6. f3 Bh5 7. Nge2 Nc6 8.
Be3 O-O-O 9. a3 a6 10. b4 Qf5 11. Ng3 Qd7 12. Nxh5 Nxh5 13. Bxf7 Nf4 14. Bxf4
Qf5 15. Bd5 Qxf4 16. Bxc6 Rxd4 17. Qe2 bxc6 18. Ne4 Qe5 19. O-O Qb5 20. Qe3 e5
21. a4 Qb6 22. a5 Qb5 23. c3 Rd3 24. Qg5 Qd5 25. Nf2 Qd8 26. Qxe5 Rd5 27. Qe3
Bd6 28. Rad1 Re8 29. Qa7 Qh4 30. Ng4 Rxd1 31. Qxa6+ Kd7 32. Rxd1 Re1+ 33. Rxe1
Qxe1+ 34. Qf1 Qxc3 35. a6 Qa3 36. b5 Qc5+ 37. Nf2 cxb5 38. Qa1 Be5 39. Qd1+ Kc6
40. g3 Bd4 0-1

[Event "22ème Open de Saint-Affrique"]
[Site "Saint Affrique (12)"]
[Date "2014.07.23"]
[Round "6.15"]
[White "Herry, Serwan"]
[Black "Guerzeder, Thomas"]
[Result "1-0"]
[WhiteElo "1936"]
[BlackElo "1652"]
[PlyCount "33"]
[EventDate "2014.??.??"]
[Source "Sylvain Rivier"]
[SourceDate "2014.07.26"]

1. d4 Nf6 2. c4 g6 3. Nc3 d5 4. Nf3 Bg7 5. h4 h5 6. Bg5 c6 7. e3 O-O 8. Qb3 Qa5
9. Bxf6 Bxf6 10. cxd5 cxd5 11. Qxd5 Qb4 12. Qb5 Qxb5 13. Bxb5 Nc6 14. Nd5 Bg7
15. Bxc6 e6 16. Ne7+ Kh8 17. Ba4 1-0